Library Banner

1857 ke chasham deed halaat = ۱۸۵۷ کے چشم دید حالات / (Record no. 109846)

MARC details
000 -LEADER
fixed length control field 00553nam a22001457a 4500
005 - DATE AND TIME OF LATEST TRANSACTION
control field 20181227120147.0
008 - FIXED-LENGTH DATA ELEMENTS--GENERAL INFORMATION
fixed length control field 181227b ||||| |||| 00| 0 eng d
040 ## - CATALOGING SOURCE
Transcribing agency PK-LaUMT
082 ## - DEWEY DECIMAL CLASSIFICATION NUMBER
Classification number 954.0317
Item number ZAH-E
100 ## - MAIN ENTRY--PERSONAL NAME
Personal name Zaheer ud Din Zaheer Dehlvi = ظہیر الدین ظہیر دہلوی
245 ## - TITLE STATEMENT
Title 1857 ke chasham deed halaat = ۱۸۵۷ کے چشم دید حالات /
Statement of responsibility, etc Zaheer ud Din Zaheer Dehlvi (almaroof dastan-e-ghadar) = ظہیر الدین ظہیر دہلوی
260 ## - PUBLICATION, DISTRIBUTION, ETC. (IMPRINT)
Place of publication, distribution, etc Lahore :
Name of publisher, distributor, etc Darushoor,
Date of publication, distribution, etc 2014
300 ## - PHYSICAL DESCRIPTION
Extent 231 p.
942 ## - ADDED ENTRY ELEMENTS (KOHA)
Koha item type Books
Holdings
Withdrawn status Lost status Damaged status Home library Current library Date acquired Full call number Barcode Date last seen Price effective from Koha item type
      UMT Main Campus UMT Main Campus 2018-12-27 954.0317 ZAH-E 124719 2018-12-27 2018-12-27 Books